000 00721nam a2200253Ia 4500
003 OSt
005 20220918164604.0
006 a|||||r|||| 00| 0
007 ta
008 220917b |||||||| |||| 00| 0 eng d
020 _a0691098913
024 _a37,408
037 _cTextual
040 _aARTS
_cARTS
_beng
041 _2eng
_aeng
082 _aO113,3M85:g, 111L3
100 _aKahler Erich
_919606
245 0 _aInward turn of narrative tr from the German by Richard Winston and Clara Winston
260 _aPrinceTon
_bPUP
_c1973
300 _axvi, 214p.
_ccm.
650 _aENGLISH LITERATURE
942 _hO113,3M85:g, 111L3
_cTEXL
_2CC
999 _c125469
_d125469